| 000 | 01054nam a2200301Ia 4500 | ||
|---|---|---|---|
| 001 | Para_9053 | ||
| 003 | CHAP | ||
| 008 | 220125s2005 xx 000 0 und d | ||
| 010 | _a207678 | ||
| 040 | _cCHAP | ||
| 090 | _aPA TESIS 1916 | ||
| 100 |
_aMéndez López, Alonso _976522 |
||
| 245 |
_aManejo integrado de barrenadores del tallo Melanagromyza tomaterae Steyskal y Trichobaris championi Barber en tomate de cáscara (Physalis ixocarpa Brot.) / _c por Alonso Méndez López |
||
| 260 |
_aChapingo, Méx. : _b el autor |
||
| 300 | _a90 h. | ||
| 502 | _aTesis (M.C. en Protección Vegetal) UACh. Departamento Parasitología Agrícola | ||
| 650 |
_aManejo integrado de plagas _970365 |
||
| 650 |
_aMelanagromyza tomaterae _9174194 |
||
| 650 |
_aTomate verde _x plagas _9113827 |
||
| 710 |
_aUACh. Departamento Parasitología Agrícola _9164025 |
||
| 901 | _aPA TESIS 1916 | ||
| 902 | _aA | ||
| 905 | _a0000002005 mx dmn 0000000000sp 00 | ||
| 910 | _a2005 | ||
| 942 | _cPARA | ||
| 942 |
_cPARA _d2 |
||
| 999 |
_c207678 _d207678 |
||